| 000 | 00000nas##2200000za#4500 |
|---|---|
| 001 | 9.508182 |
| 003 | CaOODSP |
| 005 | 20200813121817 |
| 007 | ta |
| 008 | 150406c1991||||xxc|| p #||||f| |0eng|d |
| 022 | |a0380-6898 |
| 040 | |aCaOODSP|beng |
| 041 | |aeng |
| 041 | |afre |
| 043 | |an-cn--- |
| 086 | 1 |aCS44-001 |
| 245 | 00|aCement |
| 260 | |aOttawa - Ontario : |bStatistics Canada |c[1931]-September 1998. |
| 310 | |aMonthly |
| 546 | |aBilingual |
| 563 | |aLoose-leaf |
| 710 | 2 |aStatistics Canada. |
| 785 | 00|tCement |w(CaOODSP)9.500065 |
| 792 | |tCiment |efre|w(CaOODSP)9.508183 |